000 00491 a2200169 4500
999 _c5639
_d5639
020 _a9789332519107
050 _aS591MAJ2012
100 _aThe nature and properties of soils /
_dBrady,Nyle C
_eauthor
245 _a The nature and properties of soils /
_cNyle C Brady and Ray R.Weil
250 _a14th ed
264 _aIndia:
_bPearson,
_c2014
300 _a1046p. :
500 _aincludes index
650 _a Soil science.
700 _aWeil Ray R
_eauthor
942 _2lcc
_cBK
_h592
_iBRA
_kS